[Event "Scarborough CC Spring Swiss U1700"]
[Site "Toronto"]
[Date "2008.04.10"]
[Round "5"]
[White "Prabhudesai, Aniket"]
[Black "Xie, Peter"]
[Result "0-1"]
[WhiteElo "1082"]
[BlackElo "1377"]
[PlyCount "102"]
[EventDate "2008.03.13"]
[EventType "swiss"]
[EventRounds "8"]
[EventCountry "CAN"]
[SourceTitle "EXT 2011"]
[Source "ChessBase"]
[SourceDate "2010.11.26"]
[SourceVersion "1"]
[SourceVersionDate "2010.11.26"]
[SourceQuality "1"]

1. e4 c6 2. Nc3 d5 3. Bd3 d4 4. Nce2 e5 5. Nf3 Qc7 6. 0-0 Bg4 7. Ng5 h6 8. Ne6 Bxe6 9. Ng3 Be7 10. Nh5 Bf6 11. b4 g6 12. Qf3 gxh5 13. Qg3 h4 14. Qf3 Bg5 15. c3 c5 16. Bb5+ Nd7 17. bxc5 Qxc5 18. Rb1 dxc3 19. Qxc3 Qxc3 20. dxc3 a6 21. Bxd7+ Bxd7 22. Ba3 Bc6 23. Rbd1 Ne7 24. Rd6 Ng6 25. Rfd1 0-0 26. R6d3 Bxe4 27. Rd7 Rfd8 28. Bc1 Rxd7 29. Rxd7 Rd8 30. Rxd8+ Bxd8 31. Bxh6 f5 32. f3 Bd5 33. g4 hxg3 34. hxg3 Bxf3 35. Kf2 Bd5 36. Kg1 f4 37. g4 Bxa2 38. g5 Ba5 39. Kf2 Bxc3 40. Kf3 Kh7 41. Bf8 Nxf8 42. Kg4 Kg6 43. Kh4 b5 44. Kg4 Be6+ 45. Kf3 Kxg5 46. Ke2 Bf5 47. Kd1 b4 48. Kc1 b3 49. Kd1 Bd3 50. Kc1 b2+ 51. Kd1 b1R# 0-1

[Event "Scarborough CC-ch reserves"]
[Site "Toronto"]
[Date "2008.02.28"]
[Round "9"]
[White "Prabhudesai, Aniket"]
[Black "Farrant Diaz, Nathan"]
[Result "0-1"]
[WhiteElo "1082"]
[BlackElo "1451"]
[PlyCount "76"]
[EventDate "2008.01.03"]
[EventType "swiss"]
[EventRounds "10"]
[EventCountry "CAN"]
[SourceTitle "EXT 2011"]
[Source "ChessBase"]
[SourceDate "2010.11.26"]
[SourceVersion "1"]
[SourceVersionDate "2010.11.26"]
[SourceQuality "1"]

1. e4 b6 2. g3 Bb7 3. Nf3 Bxe4 4. Bg2 Nf6 5. Nc3 Bb7 6. 0-0 e6 7. d4 d5 8. Bf4 Nc6 9. Nb5 Bd6 10. Qc1 Ba6 11. c4 Bxb5 12. cxb5 Ne7 13. Rd1 0-0 14. Bg5 Ne4 15. Bh6 gxh6 16. Qxh6 Nf5 17. Qh3 Ng5 18. Qg4 f6 19. Re1 Nh6 20. Qh5 Nhf7 21. Bh3 Nxh3+ 22. Qxh3 e5 23. Qg4+ Kh8 24. Qh3 e4 25. Nh4 Ng5 26. Ng6+ Kg8 27. Qh5 hxg6 28. Qxg6+ Kh8 29. f4 Nh7 30. Re2 Rg8 31. Qf7 Bxf4 32. Rf2 Be3 33. Raf1 Bxf2+ 34. Rxf2 e3 35. Rf4 e2 36. Rh4 e1Q+ 37. Kg2 Qe2+ 38. Kh3 Qf1# 0-1

[Event "Scarborough CC-ch reserves"]
[Site "Toronto"]
[Date "2008.02.07"]
[Round "6"]
[White "Dattani, Dinesh"]
[Black "Prabhudesai, Aniket"]
[Result "1-0"]
[WhiteElo "1386"]
[BlackElo "1082"]
[PlyCount "39"]
[EventDate "2008.01.03"]
[EventType "swiss"]
[EventRounds "10"]
[EventCountry "CAN"]
[SourceTitle "EXT 2011"]
[Source "ChessBase"]
[SourceDate "2010.11.26"]
[SourceVersion "1"]
[SourceVersionDate "2010.11.26"]
[SourceQuality "1"]

1. d4 e6 2. e4 Ne7 3. Nf3 g6 4. Nc3 Bg7 5. Bc4 0-0 6. Bg5 c6 7. 0-0 d5 8. exd5 exd5 9. Bb3 Qd7 10. Re1 Nf5 11. Re2 b6 12. Qd2 Ba6 13. Ree1 c5 14. dxc5 bxc5 15. Nxd5 Nc6 16. Nf6+ Bxf6 17. Qxd7 Rfd8 18. Qxf7+ Kh8 19. Bxf6+ Ng7 20. Qxg7# 1-0

[Event "Scarborough CC-ch reserves"]
[Site "Toronto"]
[Date "2008.01.03"]
[Round "1"]
[White "Prabhudesai, Aniket"]
[Black "Douglas, Steven"]
[Result "0-1"]
[WhiteElo "1082"]
[BlackElo "1597"]
[PlyCount "78"]
[EventDate "2008.01.03"]
[EventType "swiss"]
[EventRounds "10"]
[EventCountry "CAN"]
[SourceTitle "EXT 2011"]
[Source "ChessBase"]
[SourceDate "2010.11.26"]
[SourceVersion "1"]
[SourceVersionDate "2010.11.26"]
[SourceQuality "1"]

1. e4 d6 2. Nf3 g6 3. Be2 Bg7 4. 0-0 Nf6 5. d4 Nxe4 6. Nc3 Nxc3 7. bxc3 Nd7 8. Bc4 Nb6 9. Bb3 a5 10. a4 0-0 11. Ng5 h6 12. Bxf7+ Rxf7 13. Nxf7 Kxf7 14. Qf3+ Kg8 15. Qg3 Kh7 16. Qd3 Bf5 17. Qf3 c6 18. Qg3 Bxc2 19. Re1 Bf5 20. Bxh6 Bxh6 21. Qh4 e6 22. Qxd8 Rxd8 23. Ra2 Kg7 24. Rb2 Nxa4 25. Rxb7+ Kf6 26. Rh7 Bg7 27. Rh4 Nxc3 28. Ra1 g5 29. Rh5 Kg6 30. g4 Bxg4 31. Rxg5+ Kxg5 32. Rxa5+ Kf4 33. Ra6 Bh3 34. Rxc6 Bxd4 35. Rc4 Ne2+ 36. Kh1 Rg8 37. Rxd4+ Kf5 38. Rd5+ exd5 39. f3 Bg2# 0-1